"A képeknek rendeltetése van" Joó József gyűjteménye a múzeumban /

Elmentve itt :
Bibliográfiai részletek
Szerző: Pacsika Emília
Dokumentumtípus: Cikk
Megjelent: 1991-05-09
Sorozat:Délmagyarország 81 No. 107
Kulcsszavak:Joó József, múzeumok
Online Access:http://dmarchiv.bibl.u-szeged.hu/95071
LEADER 00506nab a2200157 i 4500
001 delm95071
005 20191001110205.0
008 191001s1991 hu o 0|| hun d
040 |a SZTE Délmagyarország Archívum  |b hun 
041 |a hun 
100 1 |a Pacsika Emília 
245 1 0 |a "A képeknek rendeltetése van"   |h [elektronikus dokumentum] :  |b Joó József gyűjteménye a múzeumban /  |c  Pacsika Emília 
260 |c 1991-05-09 
300 |a 5 
490 0 |a Délmagyarország  |v 81 No. 107 
695 |a Joó József, múzeumok